00889nam a2200217 u 450000500170000000800410001704000270005804100130008504400070009808200170010524500600012224600790018226000300026130000920029150400610038365000350044465000520047965000340053171000550056571000510062020160502155211.0160502b2014 pe ad |r|||| 00| 0 eng d aCO-BoIAVH cCO-BoIAVH 1 aengaspa ape04a304.25bC63c00aClimate change impacts on mountain regions of the world01aLos impactos del cambio climático en las regiones montañosas del mundo a[Lima?]:bUNESCO,cc2014. a102 páginas :bilustraciones a color y fotografías a color ;c15 x 21 centímetros aIncluye referencias bibliográficas: páginas 100-102.16aCambio climáticoxmontañas26aMontañasxadapatación al cambio climático26aImpacto ambientalxmontañas2 aUNESCObPrograma Hidrológico Internacional (PHI)2 aUNESCObPrograma El Hombre y la Biosfera (MAB)